000 00537nam a2200217Ia 4500
003 OSt
005 20220928143958.0
006 a|||||r|||| 00| 0
007 ta
008 220927b |||||||| |||| 00| 0 eng d
024 _a23395
037 _cTextual
040 _aSDCL
_cSDCL
_beng
041 _2eng
_aeng
082 _aO155,3N281,1, 152M9
100 _aDesai Ranjeet
245 0 _aRaj Ravi Verma.
260 _c1989
942 _hO155,3N281,1, 152M9
_cTEXL
_2CC
999 _c825341
_d825341